000 00360nam a2200133Ia 4500
008 210210b1983 xxu||||| |||| 00| 0 eng d
082 _a954.87 BASA
100 _aBASAVARAJA (K R).
245 _aAdministration under the chalukyas of kalyana.
260 _aMadras.
_bNew Era Publications.,
_c1983
300 _a161
690 _aIndian History
906 _a043114
999 _c92823
_d92823